Tourists from Canada as priority customers of the Ukrainian tourism product
Prieskum kanadského cestovného trhu v kontexte cieľovej skupiny, ktorá je spotrebiteľom ukrajinského produktu cestovného ruchu. Definícia odporúčania pre tok cestovného ruchu Kanada - Ukrajina. Faktory obrovského objemu odchádzajúceho trhu cestovného ruchu v Kanade. Stav a miera rastu existujúcich t...
Enregistré dans:
| Auteur principal: | |
|---|---|
| Format: | Chapitre de livre |
| Langue: | anglais |
| Sujets: | |
| Tags: |
Pas de tags, Soyez le premier à ajouter un tag!
|
MARC
| LEADER | 00000naa a2200000 4500 | ||
|---|---|---|---|
| 001 | 0257287 | ||
| 005 | 20190807074550.2 | ||
| 041 | 0 | |a eng | |
| 044 | |a UA | ||
| 245 | 1 | 0 | |a Tourists from Canada as priority customers of the Ukrainian tourism product |c Anna Romanova |
| 520 | |a Prieskum kanadského cestovného trhu v kontexte cieľovej skupiny, ktorá je spotrebiteľom ukrajinského produktu cestovného ruchu. Definícia odporúčania pre tok cestovného ruchu Kanada - Ukrajina. Faktory obrovského objemu odchádzajúceho trhu cestovného ruchu v Kanade. Stav a miera rastu existujúcich turistických tokov medzi Kanadou a Ukrajinou. Konkurenčné výhody kanadského trhu cestovného ruchu v porovnaní s ukrajinským. Priaznivé faktory na zvýšenie prílevu turistov z Kanady na Ukrajinu. Zvláštnosti potenciálneho kanadského turistu. Odporúčania pre agentúry cestovného ruchu. | ||
| 610 | 2 | 0 | |a ruch cestovný |
| 610 | 2 | 0 | |a trh |
| 610 | 2 | 0 | |a Kanada |
| 610 | 2 | 0 | |a Ukrajina |
| 610 | 2 | 0 | |a spotrebitelia |
| 610 | 2 | 0 | |a turistika |
| 610 | 2 | 0 | |a agentúry |
| 100 | 1 | |a Romanova, Anna | |